[Event "CRO-chT2 West"]
[Site "Rijeka"]
[Date "2020.10.11"]
[Round "5.6"]
[White "Mocibob, Patrik"]
[Black "Juras, Zvonko"]
[Result "0-1"]
[WhiteElo "1430"]
[BlackElo "1854"]
[PlyCount "102"]
[EventDate "2020.09.12"]
[EventType "team-tourn"]
[EventRounds "9"]
[EventCountry "CRO"]
[SourceTitle "EXT 2022"]
[Source "ChessBase"]
[SourceDate "2021.10.06"]
[SourceVersion "1"]
[SourceVersionDate "2021.10.06"]
[SourceQuality "1"]
[WhiteTeam "Rovinj Batana"]
[BlackTeam "Buje"]
[WhiteTeamCountry "CRO"]
[BlackTeamCountry "CRO"]

1. d4 Nf6 2. c4 e6 3. Nc3 Bb4 4. a3 Bxc3+ 5. bxc3 h6 6. Nf3 b6 7. g3 Bb7 8. Bg2 0-0 9. 0-0 d6 10. Nd2 Bxg2 11. Kxg2 Nbd7 12. e4 e5 13. Qe2 Nh7 14. f4 exf4 15. Rxf4 Qe7 16. Qd3 Rae8 17. Bb2 f5 18. Raf1 fxe4 19. Rxe4 Qd8 20. Nf3 Ndf6 21. Rh4 Rf7 22. Bc1 Qe7 23. Qg6 Nf8 24. Qf5 Qe6 25. Qb1 Ng4 26. Re1 Qd7 27. Rxe8 Qxe8 28. Qd3 Qe6 29. d5 Qd7 30. Qd4 Nf6 31. Rf4 Ng6 32. Rxf6 Rxf6 33. Bxh6 Qf5 34. Bf4 Nxf4+ 35. gxf4 Qg4+ 36. Kf2 Qxf4 37. Qxf4 Rxf4 38. Ke3 Rxc4 39. Kd3 Ra4 40. Ng5 Rxa3 41. Ne6 Ra5 42. c4 Rc5 43. h4 Kf7 44. h5 a5 45. Kc3 Kf6 46. Kb3 a4+ 47. Kxa4 Rxc4+ 48. Kb5 Rc5+ 49. Ka6 Rxd5 50. Nxc7 Rxh5 51. Ne8+ Ke7 0-1